| 000 | 00668nam a2200229Ia 4500 | ||
|---|---|---|---|
| 003 | OSt | ||
| 005 | 20230517112554.0 | ||
| 008 | 210423s2012 xx 000 0 und d | ||
| 020 | _a978-81-8484-150-3 | ||
| 040 | _cAL | ||
| 041 | _aeng | ||
| 082 | _a363.73 THAG | ||
| 100 |
_aTHAKUR (Anil Kumar);PATEL (Mohan) _9106448 |
||
| 245 | _aGlobal climate change and sustainable development | ||
| 260 |
_aNew Delhi _bRegal Publications _c2012 |
||
| 300 |
_axiii,385 _bHB |
||
| 365 |
_b1580 _cINR |
||
| 650 |
_aEnvironmental Problems _9106449 |
||
| 650 |
_aSocial Problems _9106450 |
||
| 906 | _achange ; climate ; development ; Global ; sustainable | ||
| 942 |
_2ddc _cBK |
||
| 999 |
_c167551 _d167551 |
||